000 00478cam a22001577a 4500
008 180718b1998 xxu||||| |||| 00| 0 eng d
020 _a0749426802
082 _aI513 Sm54
100 _aSmith, David
245 _aDeveloping people and organisations
_cby David Smith
260 _aLondon
_bChartered Insittute of Management Accountants
_c1998
300 _a129p.
440 _aBusiness skill series
650 _aOrganizational effectiveness
650 _aorganizational change
999 _c387599
_d387599